00626cam a2200217 450000100060000000300080000600500170001400800410003103500190007204000270009104100080011808200260012610000160015224500680016826000470023630000250028335000100030850400200031865000220033865100480036032809BD-RjUL20211209051910.0140428s1968 pk 001 0 eng d a(BD-RjUL)32899 aDLCcDLCdBD-RjULbeng aeng00a327.091767bHAI 19681 aHaq, Inamul10aIslamic block : the way to honour, power & peace /cHaq, Inamul aKarachi :bdistributors: S. M. Mir,c1968. axi, 188 p. ;c23 cm. a12.50 aIncludes index. aIslamic countries 0aIslamic countriesxPolitics and government.